Echelle de mot de woke a woke - Statistiques

Statistiques générales
  • Ce quiz a été pris 138 fois
    136 depuis la dernière actualisation
  • Le résultat moyen est 18 sur 20
Statistiques - réponses
Hint Réponse % Correct
Rongeur des villes rat
98%
Echec et mat
97%
Elles peuvent se manger al-dente pates
97%
Conscient des injustices sociales et des discriminations woke
97%
Acronyme de world of tanks wot
97%
" " de fleurs / " " au feu pot
96%
Ustensile traditionnel de cuisine chinoise (enlever une lettre) wok
96%
Conscient des injustices sociales et des discriminations woke
95%
Jeu de carte où on bluff et gagne de l'argent poker
94%
Amis proches potes
92%
Enemi de Batman joker
90%
Action pas très polie rot
90%
Camarade en anglais (ajouter une lettre) mate
88%
Spécialité culinaire présentée en "bowl" originaire d'hawaii poke
88%
Surnom de l'équipe esport de Squeezie : Gentle " " (ajouter une lettre) mates
87%
Ancien nom du rappeur Ateyaba (enlever une lettre) joke
86%
"Pouvoir" en espagnol poder
84%
Programmer en informatique coder
79%
"Cages" qui protègent quelques uns de nos organes cotes
73%
Fixer un prix sur un marcher en bourse coter
69%
Aucun quiz correspondant
Distribution des résultats
% des personnes avec chaque résultat
Percentile par nombre de réponses
Votre historique - résultats
Vous n’avez pas pris ce quiz depuis la dernière actualisation